| 000 | 01074nam a22004090a 4500 | ||
|---|---|---|---|
| 001 | PT44404 | ||
| 003 | AR-LpoUNG | ||
| 005 | 20210131231028.0 | ||
| 008 | 191001s2012||||ag |||||||||||||||||spa d | ||
| 020 |
_a9789505579099 _c$15 |
||
| 040 |
_aAR-LpoUNG _bspa _cAR-LpoUNG _eaacr |
||
| 041 | _aspa | ||
| 044 | _aag | ||
| 082 | 0 | _a982.064 825ene | |
| 100 | 1 | _aFranco, Marina | |
| 245 | 1 | 3 |
_aUn enemigo para la nación : _borden interno, violencia y "subversión", 1973-1976 |
| 250 | _a1ª ed. | ||
| 260 |
_aBuenos Aires : _bFondo de Cultura Económica, _c2012. |
||
| 300 |
_a352 p. : _bmapas |
||
| 650 | 4 | _aANALISIS HISTORICO | |
| 650 | 4 | _aANALISIS SOCIOLOGICO | |
| 650 | 4 | _aARGENTINA | |
| 650 | 4 | _aCRISIS SOCIAL | |
| 650 | 4 | _aDICTADURA | |
| 650 | 4 | _aGOBIERNO MILITAR | |
| 650 | 4 | _aGUERRA CIVIL | |
| 650 | 4 | _aHISTORIA POLITICA | |
| 650 | 4 | _aSOCIEDAD | |
| 650 | 4 | _aVIOLENCIA | |
| 651 | 4 | _aArgentina | |
| 653 | _aPERONISMO | ||
| 653 | _aRESISTENCIA | ||
| 653 | _aRESISTENCIA PERONISTA | ||
| 653 | _aSUBVERSION | ||
| 905 | _a44404 | ||
| 942 | _cLIB | ||
| 999 |
_c7558 _d7558 |
||